Juegos y Sagas memorables de SEGA - Estadísticas

Estadísticas generales
  • Esta prueba ha sido intentada 17 veces
  • La puntuación promedio es 3 de 12
Estadísticas de respuestas
Imagen Respuesta % Correcto
Crazy Taxi
85%
Sonic The Hedgehog
62%
Sonic Adventure
38%
Shenmue
23%
Streets of Rage
15%
Gunstar Heroes
8%
Sega Rally
8%
Shinobi
8%
Virtua Fighter
8%
Blue Stinger
0%
Soleil
0%
Virtua Cop
0%
No se encontraron pruebas coincidentes
Distribución de puntuación
Porcentaje de gente con cada puntuación
Porcentaje por número respondido
Historial de tus puntuaciones
No has intentado esta prueba.